000 00582nam a2200181Ia 4500
008 090124s9999 xx 000 0 und d
082 _b20454
100 _aमांडे प्रभाकर
245 _a गावगाडयाबाहेर
250 _a1
260 _bपरिमल प्रकाशन
_c1983
300 _a344
600 _aमांडे प्रभाकर
630 _a गावगाडयाबाहेर
700 _aमांडे प्रभाकर
730 _a गावगाडयाबाहेर
942 _cBOOK
999 _c91108
_d91108